Η γλώσσα μου : ανάλυση του σχολικού βιβλίου κατά μάθημα ; ΣΤ' δημοτικού
Αποθηκεύτηκε σε:
| Κύριος συγγραφέας: | |
|---|---|
| Άλλοι συγγραφείς: | , , , |
| Μορφή: | Βιβλίο |
| Γλώσσα: | Greek |
| Δημοσίευση: |
Αθήνα :
Πατάκης,
2004.
|
| Σειρά: | Βιβλία για την εκπαίδευση - Δημοτικό/Γλώσσα
|
| Θέματα: | |
| Ετικέτες: |
Προσθήκη ετικέτας
Δεν υπάρχουν, Καταχωρήστε ετικέτα πρώτοι!
|
MARC
| LEADER | 00000cam a2200000 i 4500 | ||
|---|---|---|---|
| 001 | 1/68526 | ||
| 008 | 041209s2004 gr | ||| |||| ||gre|| | ||
| 020 | |a 9603786632 |q (τ.1) | ||
| 020 | |a 9606005062 |q (τ.2) | ||
| 035 | |l 10075795 | ||
| 040 | |a GR-MY-UA |b gre |e aacr | ||
| 041 | 0 | |a gre | |
| 082 | 7 | |a 372.6 |2 (21) | |
| 100 | 1 | |a Ραπτοπούλου, Σοφία Κ. | |
| 245 | 1 | 2 | |a Η γλώσσα μου : |b ανάλυση του σχολικού βιβλίου κατά μάθημα ; ΣΤ' δημοτικού / |c Σοφία Κ. Ραπτοπούλου, Αριστομένης Δ. Σταμάτης, Γιώργος Γρ. Χρόνης ; εικονογράφηση: Βαγγέλης Ελευθερίου ; επιστημονική επιμέλεια: Γιάννης Γαλανόπουλος. |
| 260 | |a Αθήνα : |b Πατάκης, |c 2004. | ||
| 300 | |a 2 τ. : |b εικ. ; |c 24 εκ. | ||
| 490 | 1 | |a (Βιβλία για την εκπαίδευση - Δημοτικό/Γλώσσα) | |
| 505 | 0 | |a Περιέχει: περίληψη κειμένου, σχολιασμό λέξεων, ανάλυση φράσεων, πραγματολογικά στοιχεία, γραμματική-συντακτικό, οικογένειες λέξεων-τεχνολογία, παροιμίες-γνωμικά-ρητά, παραπομπές σε λεξικό και σε σχολική ποιητική ανθολογία, επαναληπτικά μαθήματα. | |
| 650 | 0 | 0 | |a Greek language, Modern |x Study and teaching (Elementary) |
| 650 | 0 | 0 | |a Greek language, Modern |x Grammar |x Study and teaching (Elementary) |
| 650 | 0 | 0 | |a Greek language, Modern |x Syntax |x Study and teaching (Elementary) |
| 700 | 1 | |a Σταμάτης, Αριστομένης Δ. | |
| 700 | 1 | |a Χρόνης, Γιώργος Γρ. | |
| 700 | 1 | |a Ελευθερίου, Βαγγέλης, |e ill | |
| 700 | 1 | |a Γαλανόπουλος, Γιάννης Γ. |e edt | |
| 830 | 0 | |a Βιβλία για την εκπαίδευση - Δημοτικό/Γλώσσα | |
| 852 | |a INST |b RHODES |e 20041209 |h 372.6 ΡΑΠ |p 005400018099 |q 005400018099 |t BK |y 0 |z τ.2 | ||
| 852 | |a INST |b RHODES |e 20041209 |h 372.6 ΡΑΠ |p 005400018101 |q 005400018101 |t BK |y 0 |z τ.1 | ||
| 852 | |a INST |b RHODES |e 20041209 |h 372.6 ΡΑΠ |p 005400018099 |q 005400018099 |t BK |v τ.2: |y 0 |z τ.2 | ||
| 852 | |a INST |b RHODES |e 20041209 |h 372.6 ΡΑΠ |p 005400018101 |q 005400018101 |t BK |v τ.1: |y 0 |z τ.1 | ||
| 853 | |a INST |b RHODES |h 372.6 ΡΑΠ | ||
| 901 | |a BIBL4-2005-1 | ||
| 909 | |a Ρ |b 110341 | ||
| 909 | |a Ρ |b 110342 | ||
| 922 | |a 4ΕΛΗ |b 200412 |c ΒΙΒΛΙΟΘΗΚΗ |d ΔΕΝΤΡΟ | ||
| 950 | |a 094 | ||
| 970 | |a ΧΟΡΟΖΙΔΟΥ |b ΤΖΕΝΗ |z 2005/02/11 | ||